Normal view
MARC view
- Woodroffe, Colin D
Entry Personal Name
001 - CONTROL NUMBER
- control field: 27749
003 - CONTROL NUMBER IDENTIFIER
- control field: IN-BhIIT
005 - DATE AND TIME OF LATEST TRANSACTION
- control field: 20260429165849.0
008 - FIXED-LENGTH DATA ELEMENTS
- fixed length control field: 260429|| aca||aabn | a|a d
040 ## - CATALOGING SOURCE
- Original cataloging agency: IN-BhIIT
- Transcribing agency: IN-BhIIT
100 ## - HEADING--PERSONAL NAME
- Personal name: Woodroffe, Colin D
670 ## - SOURCE DATA FOUND
- Source citation: Work cat.: (IN-BhIIT)15494: Murray-Wallace, Colin V. Author 27748, Quaternary sea-level changes : , 2018.